000 00411cam a22001217a 4500
008 180718b1966 xxu||||| |||| 00| 0 eng d
082 _aA81x54 In2/61/10/PT10/1C
100 _aCensus of India 1961
245 _aMaharashtra: special migration tables, Greater Bombay
260 _aDelhi
_bThe Manager of Publications
_c1966
300 _a325+p.
440 _aCensus of India 1961. Volume X, Maharashtra. Part X (I-C)
999 _c484203
_d484203